000 01096nam a2200325 a 4500
008
020 _a9780323428811 (hardback)
040 _aNUST
_cNUST
049 _aMAIN
090 _aRC735.15
_bHAG
245 1 0 _aHagberg and Benumof's airway management/
_cedited by Carin A Hagberg ; Carlos Artime & Michael F Aziz.
250 _aFourth edition.
260 _aPhiladelphia, PA :
_bElsevier,
_c2018.
300 _axxiii, 973 pages :
_billustrations (chiefly colour) ;
_c29 cm.
336 _atext
_btxt
_2rdacontent
337 _aunmediated
_bn
_2rdamedia
338 _avolume
_bnc
_2rdacarrier
500 _aIncludes index.
504 _aIncludes bibliographical references.
650 1 _aIntubation, Intratracheal.
650 _aAnesthesia
_xmethods.
650 _aAirway Obstruction
_xetiology.
700 _aHagberg, Carin A.,
_aeditor.
700 _aArtime, Carlos.,
_aeditor.
700 _aAziz, Michael F.,
_aeditor.
907 _a.b10414216
_b01-03-22
_c24-02-22
003
005 20230120204341.0
942 _cBOOKS
_kRC735.15
_mHAG
999 _c121678
_d121678